[Event "Winnipeg TNT 2025.01"]
[Site "Winnipeg CAN"]
[Date "2025.01.21"]
[Round "3.6"]
[White "Gannon, Keith"]
[Black "Aiello, Mick"]
[Result "0-1"]
[WhiteElo "1633"]
[BlackElo "1758"]
[WhiteFideId "-1"]
[WhiteFideId "-1"]
[PlyCount "106"]
[GameId "2140241293589951"]
[EventDate "2025.01.14"]
[EventType "swiss"]
[EventRounds "5"]
[EventCountry "CAN"]

1. Nc3 Nf6 2. Nf3 d5 3. e3 e6 4. d4 c5 5. Bb5+ Bd7 6. Bxd7+ Nbxd7 7. O-O Be7 8. Re1 O-O 9. a3 a6 10. Bd2 c4 11. e4 dxe4 12. Nxe4 Nxe4 13. Rxe4 Nf6 14. Re1 h6 15. c3 b5 16. Ne5 Rc8 17. a4 b4 18. b3 cxb3 19. Qxb3 bxc3 20. Bxc3 Qd5 21. Qxd5 Nxd5 22. Bb2 Rc2 23. Ba3 Bxa3 24. Rxa3 Rfc8 25. h3 Nc3 26. Nf3 a5 27. Re5 Nd5 28. Ra1 Rb2 29. Ree1 Rcc2 30. Rf1 Ra2 31. Rxa2 Rxa2 32. Rb1 Rxa4 33. Rb8+ Kh7 34. Rf8 f6 35. Re8 Nf4 36. Ra8 Ra2 37. h4 a4 38. Ra6 a3 39. g3 Nh3+ 40. Kg2 Nxf2 41. Rxe6 Rb2 42. d5 a2 43. Ra6 Nd3+ 44. Kh3 Nb4 45. Ra5 Nxd5 46. Nd4 Nb4 47. Ra7 Rb1 48. Nf5 a1=Q 49. Rxa1 Rxa1 50. h5 Ra5 51. g4 Nd3 52. Ng3 Nf2+ 53. Kh4 Rg5 0-1

[Event "Winnipeg TNT 2025.01"]
[Site "Winnipeg CAN"]
[Date "2025.01.21"]
[Round "3.8"]
[White "Reimer, Bruce"]
[Black "Cobb, Kyle"]
[Result "1-0"]
[WhiteElo "1559"]
[BlackElo "1356"]
[WhiteFideId "-1"]
[WhiteFideId "-1"]
[PlyCount "65"]
[GameId "2140241293589953"]
[EventDate "2025.01.14"]
[EventType "swiss"]
[EventRounds "5"]
[EventCountry "CAN"]

1. c4 b6 2. g3 Bb7 3. Nf3 e6 4. Bg2 Ne7 5. O-O Ng6 6. Nc3 Be7 7. d4 f5 8. b3 O-O 9. Bb2 d6 10. d5 e5 11. Nd2 Nd7 12. e3 a6 13. b4 Qe8 14. Ne2 Rc8 15. f4 h5 16. Bf3 h4 17. Bh5 Nf6 18. Nc1 hxg3 19. hxg3 e4 20. Kg2 Nxf4+ 21. exf4 Nxh5 22. Rh1 g6 23. Ne2 Bf6 24. Nd4 e3 25. N2f3 Ng7 26. Qc2 Qe4 27. Qb3 Bxd4 28. Bxd4 Rfe8 29. Rae1 e2 30. Rh6 Kf7 31. Qb2 Nh5 32. Kf2 c6 33. Ng5+ 1-0

[Event "Winnipeg TNT 2025.01"]
[Site "Winnipeg CAN"]
[Date "2025.01.28"]
[Round "4.1"]
[White "Gres, Yakiv"]
[Black "Stordeur, Jackson"]
[Result "0-1"]
[WhiteElo "1918"]
[BlackElo "2000"]
[WhiteFideId "-1"]
[WhiteFideId "-1"]
[PlyCount "110"]
[GameId "2140241293589954"]
[EventDate "2025.01.14"]
[EventType "swiss"]
[EventRounds "5"]
[EventCountry "CAN"]

1. e4 c5 2. Nf3 d6 3. d4 cxd4 4. Nxd4 Nf6 5. Nc3 a6 6. Be3 e5 7. Nb3 Be6 8. Qd2 Be7 9. O-O-O Ng4 10. Nd5 Bxd5 11. Qxd5 Nxe3 12. fxe3 Qb6 13. Kb1 Nd7 14. Bc4 O-O 15. h4 Rac8 16. Rdf1 Nf6 17. Qd3 Ng4 18. Rf3 Nxe3 19. Rxe3 Rxc4 20. Qxc4 Qxe3 21. Qc7 Bf6 22. Qxb7 Qe2 23. g3 Qg2 24. Rc1 Qxg3 25. Qxa6 Qxh4 26. Qc6 Bg5 27. Rd1 Qg4 28. Qxd6 Qxe4 29. Nc5 Qf3 30. b4 h5 31. Qd3 Qc6 32. Qf5 Bf4 33. Qxh5 Rb8 34. Nd3 Qc3 35. Rh1 Bh6 36. Qg4 Be3 37. Qh4 Bh6 38. Qg4 Kf8 39. Qd7 Rc8 40. Qa4 e4 41. Nc5 e3 42. Qb3 Qxb3+ 43. Nxb3 f5 44. b5 Rd8 45. Nc1 f4 46. a4 Ra8 47. Kb2 Rxa4 48. Kb3 Ra1 49. Kb2 Ra8 50. c4 Ke7 51. Kc3 f3 52. Rh4 f2 53. Re4+ Kd7 54. Rd4+ Kc7 55. Rd1 Ra1 0-1

[Event "Winnipeg TNT 2025.01"]
[Site "Winnipeg CAN"]
[Date "2025.01.28"]
[Round "4.2"]
[White "Babb, Jeff"]
[Black "Rutter, Blair"]
[Result "1-0"]
[WhiteElo "1997"]
[BlackElo "1898"]
[WhiteFideId "-1"]
[WhiteFideId "-1"]
[PlyCount "75"]
[GameId "2140241293598147"]
[EventDate "2025.01.14"]
[EventType "swiss"]
[EventRounds "5"]
[EventCountry "CAN"]

1. f4 Nf6 2. Nf3 d5 3. g3 Nbd7 4. Bg2 c6 5. c3 e6 6. d3 Bd6 7. e4 dxe4 8. dxe4 Bc5 9. e5 Nd5 10. Nd4 O-O 11. b4 Bb6 12. a3 a6 13. c4 Bxd4 14. Qxd4 Ne7 15. Be3 Nf5 16. Qc3 Nb6 17. Bf2 Qc7 18. Nd2 a5 19. O-O Bd7 20. Ne4 Rfd8 21. g4 Ne7 22. Bh4 Kf8 23. Qc2 Nbc8 24. Kh1 Kg8 25. Rab1 Re8 26. Bg3 Qb6 27. Rfd1 Rd8 28. Nc5 Be8 29. Rxd8 Qxd8 30. Nxb7 Qb6 31. Nxa5 Qa6 32. Be4 g6 33. Bf2 Rb8 34. Bc5 Kg7 35. Rd1 f5 36. exf6+ Kxf6 37. Qc3+ Kf7 38. Qh8 1-0

[Event "Winnipeg TNT 2025.01"]
[Site "Winnipeg CAN"]
[Date "2025.01.28"]
[Round "4.3"]
[White "Aiello, Mick"]
[Black "Vaughan, Nathan"]
[Result "0-1"]
[WhiteElo "1758"]
[BlackElo "1951"]
[WhiteFideId "-1"]
[WhiteFideId "-1"]
[PlyCount "64"]
[GameId "2140241293598148"]
[EventDate "2025.01.14"]
[EventType "swiss"]
[EventRounds "5"]
[EventCountry "CAN"]

1. e4 c6 2. d4 d5 3. e5 Bf5 4. h4 h5 5. Bg5 Qb6 6. Bd3 Qxd4 7. Bxf5 Qxe5+ 8. Ne2 Qxf5 9. O-O e6 10. Nd2 Be7 11. Bxe7 Nxe7 12. c4 O-O 13. Ng3 Qg4 14. Qb3 b6 15. cxd5 Nxd5 16. Nf3 Nd7 17. Rfe1 N7f6 18. Rac1 Qb4 19. Qc2 Rac8 20. Ng5 Qxh4 21. Re5 Qg4 22. Nf3 Nf4 23. Rg5 Nh3+ 24. gxh3 Qxf3 25. Qa4 Rfd8 26. Qh4 Rd5 27. Rc3 Rd1+ 28. Nf1 Qe2 29. Rxg7+ Kxg7 30. Qg5+ Kh7 31. Qxf6 Qxf1+ 32. Kh2 Qg1# 0-1

[Event "Winnipeg TNT 2025.01"]
[Site "Winnipeg CAN"]
[Date "2025.01.28"]
[Round "4.4"]
[White "MacPherson, Al"]
[Black "Nagelberg, Alan"]
[Result "1/2-1/2"]
[WhiteElo "1814"]
[BlackElo "1774"]
[WhiteFideId "-1"]
[WhiteFideId "-1"]
[PlyCount "62"]
[GameId "2140241293598149"]
[EventDate "2025.01.14"]
[EventType "swiss"]
[EventRounds "5"]
[EventCountry "CAN"]

1. d4 d5 2. c4 dxc4 3. e4 e5 4. Nf3 exd4 5. Qxd4 Qxd4 6. Nxd4 Nf6 7. Nc3 Bb4 8. f3 a6 9. Bxc4 Nbd7 10. O-O O-O 11. Bf4 c6 12. Rfd1 Bc5 13. Kf1 Nh5 14. Bc7 Re8 15. Bb3 Bb6 16. Bd6 Bc5 17. Nf5 g6 18. Nh6+ Kg7 19. Nxf7 a5 20. Ng5 Bxd6 21. Rxd6 Nc5 22. Na4 Nxa4 23. Bxa4 h6 24. Nh3 Bxh3 25. gxh3 Re7 26. Rad1 Rf8 27. Kg2 Nf4+ 28. Kg3 Nh5+ 29. Kg2 Nf4+ 30. Kg3 Nh5+ 31. Kg2 Nf4+ 1/2-1/2

[Event "Winnipeg TNT 2025.01"]
[Site "Winnipeg CAN"]
[Date "2025.01.28"]
[Round "4.5"]
[White "Curtis, Rory"]
[Black "Kuryliw, Ray"]
[Result "0-1"]
[WhiteElo "1703"]
[BlackElo "1905"]
[WhiteFideId "-1"]
[WhiteFideId "-1"]
[PlyCount "130"]
[GameId "2140241293598150"]
[EventDate "2025.01.14"]
[EventType "swiss"]
[EventRounds "5"]
[EventCountry "CAN"]

1. d4 Nf6 2. c4 e5 3. dxe5 Ng4 4. Nf3 Nc6 5. Bf4 f6 6. exf6 Qxf6 7. e3 Bb4+ 8. Nbd2 Qxb2 9. Be2 d6 10. O-O O-O 11. Ne4 Nf6 12. Nxf6+ Qxf6 13. Rb1 Bc5 14. Bg5 Qg6 15. Bh4 Bb6 16. Bg3 Be6 17. Bd3 Qh5 18. Qc2 Bf5 19. Rb5 Bxd3 20. Qxd3 Qg6 21. Qxg6 hxg6 22. Ng5 a6 23. Rbb1 Rf6 24. Rfd1 Rd8 25. Nf3 Rd7 26. Bh4 Rf5 27. g4 Rxf3 28. Bg3 Rff7 29. f4 Bxe3+ 30. Kg2 b6 31. Kf3 Bxf4 32. Bxf4 g5 33. Ke4 Rxf4+ 34. Kd5 Rxg4 35. Kxc6 Rf7 36. Rbc1 Rg2 37. Rd5 Rxa2 38. h3 Ra3 39. Rxg5 Rxh3 40. Re1 Kf8 41. Rg6 Rc3 42. Rge6 Rxc4+ 43. Kb7 Kg8 44. Re8+ Rf8 45. R8e7 a5 46. Rg1 Rf7 47. Re8+ Kh7 48. Rh1+ Kg6 49. Rg1+ Kf5 50. Rg8 a4 51. Ra8 b5 52. Rf1+ Rf4 53. Rb1 c5+ 54. Kc6 b4 55. Rxa4 Rf6 56. Ra7 g5 57. Rd1 b3 58. Rb7 c4 59. Rb5+ Kg6 60. Rg1 g4 61. Rg3 d5+ 62. Kxd5 R6f5+ 63. Kc6 Rxb5 64. Kxb5 b2 65. Rg1 c3 0-1

[Event "Winnipeg TNT 2025.01"]
[Site "Winnipeg CAN"]
[Date "2025.01.28"]
[Round "4.6"]
[White "Baylon, Jorel"]
[Black "Gannon, Keith"]
[Result "1-0"]
[WhiteElo "1620"]
[BlackElo "1633"]
[WhiteFideId "-1"]
[WhiteFideId "-1"]
[PlyCount "107"]
[GameId "2140241293598151"]
[EventDate "2025.01.14"]
[EventType "swiss"]
[EventRounds "5"]
[EventCountry "CAN"]

1. d4 d5 2. Bf4 Nc6 3. e3 Bd7 4. c3 Nf6 5. Nd2 e6 6. Ngf3 Be7 7. Bd3 O-O 8. Ne5 Nxe5 9. dxe5 Ne8 10. Qg4 f5 11. exf6 Nxf6 12. Qe2 c5 13. O-O c4 14. Bc2 b5 15. Rad1 a5 16. Bg5 Qe8 17. Rfe1 b4 18. Bxf6 Bxf6 19. Nb1 bxc3 20. Nxc3 Bxc3 21. bxc3 Ba4 22. e4 Bxc2 23. Qxc2 Qf7 24. Re3 Rad8 25. f3 dxe4 26. Rxd8 Rxd8 27. Rxe4 Qa7+ 28. Kh1 Rd3 29. Rxe6 Qd7 30. Re1 Rd2 31. Qe4 Rd1 32. Qxc4+ Kh8 33. Qe2 Rxe1+ 34. Qxe1 h6 35. h3 Qd5 36. Qe8+ Kh7 37. Qe4+ Qxe4 38. fxe4 Kg6 39. Kg1 Kf6 40. Kf2 Ke5 41. Ke3 a4 42. h4 a3 43. Kd3 g5 44. hxg5 hxg5 45. c4 g4 46. g3 Kd6 47. Kd4 Ke6 48. e5 Kd7 49. Kd5 Ke7 50. c5 Kd7 51. e6+ Ke7 52. c6 Kd8 53. Kd6 Ke8 54. c7 1-0

[Event "Winnipeg TNT 2025.01"]
[Site "Winnipeg CAN"]
[Date "2025.01.28"]
[Round "4.8"]
[White "Cobb, Kyle"]
[Black "Trueman, Francis"]
[Result "1-0"]
[WhiteElo "1356"]
[BlackElo "1588"]
[WhiteFideId "-1"]
[WhiteFideId "-1"]
[PlyCount "61"]
[GameId "2140241293598153"]
[EventDate "2025.01.14"]
[EventType "swiss"]
[EventRounds "5"]
[EventCountry "CAN"]

1. e4 d6 2. Nc3 Nd7 3. b3 e5 4. Bb2 Ngf6 5. Qe2 Be7 6. O-O-O a5 7. g4 O-O 8. g5 Ne8 9. h4 f6 10. Nd5 fxg5 11. Nxe7+ Qxe7 12. hxg5 Qxg5 13. f3 a4 14. Qh2 h6 15. Nh3 Qf6 16. Bc4+ Kh8 17. f4 Nb6 18. Be2 axb3 19. cxb3 Bxh3 20. fxe5 Qe6 21. Qg3 Rxa2 22. Rxh3 Ra5 23. Bc3 Ra3 24. Bb2 Ra5 25. Bg4 Qe7 26. Rdh1 Rc5+ 27. Kd1 Kg8 28. Bf5 Qg5 29. Be6+ Rf7 30. Qxg5 hxg5 31. Rh8# 1-0

[Event "Winnipeg TNT 2025.02"]
[Site "Winnipeg CAN"]
[Date "2025.02.04"]
[Round "1.1"]
[White "Curtis, Rory"]
[Black "Boron, Anthony"]
[Result "0-1"]
[WhiteElo "1685"]
[BlackElo "2031"]
[WhiteFideId "-1"]
[WhiteFideId "-1"]
[PlyCount "68"]
[GameId "2150969644830802"]
[EventDate "2025.02.04"]
[EventType "swiss"]
[EventRounds "4"]
[EventCountry "CAN"]

1. d4 Nf6 2. c4 c5 3. d5 b5 4. cxb5 a6 5. Nc3 g6 6. e4 d6 7. Nf3 Bg7 8. Be2 O-O 9. O-O axb5 10. Bxb5 Ba6 11. Bxa6 Nxa6 12. a3 Nd7 13. Bg5 Re8 14. Qd2 Qb6 15. Rab1 Qb3 16. Bh6 Bh8 17. h4 Nb6 18. h5 Nc4 19. Qf4 Nxa3 20. hxg6 hxg6 21. Ng5 Bf6 22. Rbe1 Nc4 23. Nf3 Nb4 24. Qg3 Nc2 25. Re2 Nd4 26. Nxd4 cxd4 27. Nb1 Qxg3 28. fxg3 d3 29. Ree1 Reb8 30. Rd1 Nxb2 31. Bc1 Bd4+ 32. Kh2 Kg7 33. Kh3 Nxd1 34. Rxd1 Rxb1 0-1

[Event "Winnipeg TNT 2025.02"]
[Site "Winnipeg CAN"]
[Date "2025.02.04"]
[Round "1.2"]
[White "Babb, Jeff"]
[Black "Baylon, Jorel"]
[Result "1-0"]
[WhiteElo "2017"]
[BlackElo "1654"]
[WhiteFideId "-1"]
[WhiteFideId "-1"]
[PlyCount "101"]
[GameId "2150969644830803"]
[EventDate "2025.02.04"]
[EventType "swiss"]
[EventRounds "4"]
[EventCountry "CAN"]

1. f4 d5 2. Nf3 Bg4 3. e3 Nc6 4. h3 Bd7 5. b3 e6 6. Bb2 Nge7 7. g4 Ng6 8. h4 h5 9. g5 Bd6 10. Bxg7 Rg8 11. Bf6 Be7 12. Bb2 Bd6 13. d4 Nce7 14. Bd3 Nxf4 15. exf4 Bxf4 16. Ne5 Bg3+ 17. Kf1 Ng6 18. Bxg6 fxg6 19. Kg2 Bxe5 20. dxe5 Qe7 21. Rf1 O-O-O 22. Ba3 c5 23. Nd2 Bc6 24. Rf6 d4+ 25. Kg3 Qc7 26. Qe2 d3 27. cxd3 Rd4 28. Nc4 Rgd8 29. Bb2 Rxd3+ 30. Kh2 b6 31. Nd6+ R8xd6 32. exd6 Qxd6+ 33. Be5 Qd5 34. Rf2 Rd2 35. Qxd2 Qxe5+ 36. Qf4 Qxa1 37. Rf1 Qxa2+ 38. Rf2 Qb1 39. Qf8+ Kb7 40. Rf7+ Ka6 41. Qc8+ Ka5 42. Qxc6 Qc2+ 43. Qg2 Qxg2+ 44. Kxg2 Kb4 45. Rf6 Kxb3 46. Rxg6 c4 47. Rxe6 c3 48. g6 c2 49. Rc6 a5 50. g7 Kb2 51. g8=Q 1-0

[Event "Winnipeg TNT 2025.02"]
[Site "Winnipeg CAN"]
[Date "2025.02.04"]
[Round "1.3"]
[White "Gres, Yakiv"]
[Black "Maendel, Chris"]
[Result "1-0"]
[WhiteElo "1965"]
[BlackElo "1604"]
[WhiteFideId "-1"]
[WhiteFideId "-1"]
[PlyCount "72"]
[GameId "2150969644830804"]
[EventDate "2025.02.04"]
[EventType "swiss"]
[EventRounds "4"]
[EventCountry "CAN"]

1. e4 e5 2. Nf3 Nc6 3. b3 Nf6 4. d3 d5 5. exd5 Qxd5 6. Bb2 Bg4 7. Be2 O-O-O 8. h3 Bf5 9. O-O Bb4 10. Nc3 Qd7 11. Nh4 Be6 12. Na4 Be7 13. Nf3 e4 14. dxe4 Nxe4 15. Qxd7+ Rxd7 16. Rad1 f6 17. Rxd7 Bxd7 18. Bd3 Nc5 19. Nxc5 Bxc5 20. Re1 Nb4 21. a3 Nxd3 22. cxd3 Re8 23. b4 Rxe1+ 24. Nxe1 Bd6 25. Nf3 Bc6 26. Nd2 Bf4 27. Nf1 Bb5 28. d4 Kd7 29. g3 Bd6 30. Ne3 Bd3 31. Kg2 Kc6 32. Kf3 Kb5 33. g4 Ka4 34. Nf5 Bxf5 35. gxf5 Kb3 36. Bc1 a5 1-0

[Event "Winnipeg TNT 2025.02"]
[Site "Winnipeg CAN"]
[Date "2025.02.04"]
[Round "1.4"]
[White "Bonness, Will"]
[Black "Reimer, Bruce"]
[Result "1-0"]
[WhiteElo "1894"]
[BlackElo "1563"]
[WhiteFideId "-1"]
[WhiteFideId "-1"]
[PlyCount "97"]
[GameId "2150969644830805"]
[EventDate "2025.02.04"]
[EventType "swiss"]
[EventRounds "4"]
[EventCountry "CAN"]

1. e4 g6 2. d4 Bg7 3. Nc3 d6 4. Be3 a6 5. f4 b5 6. a3 Bb7 7. Bd3 Nd7 8. Nf3 Nh6 9. h3 O-O 10. O-O c5 11. f5 Kh8 12. Qd2 Ng8 13. Qf2 c4 14. Be2 Ngf6 15. Nd2 e6 16. Qh4 exf5 17. exf5 Nd5 18. Qxd8 Raxd8 19. Nxd5 Bxd5 20. Bf3 Nb6 21. c3 Rde8 22. Bf4 Rd8 23. Ne4 Bxe4 24. Bxe4 d5 25. Bf3 Na4 26. Rf2 Rfe8 27. fxg6 fxg6 28. Kf1 Bf8 29. Re1 Rxe1+ 30. Kxe1 Re8+ 31. Kd1 Rd8 32. Kc2 h6 33. Re2 g5 34. Bg3 Bd6 35. Be5+ Bxe5 36. Rxe5 Nb6 37. Re6 Nd7 38. Rxh6+ Kg7 39. Rd6 Kf7 40. Bg4 Ke7 41. Rxd5 Nf6 42. Rxg5 Nd5 43. Re5+ Kf6 44. Bf3 Nf4 45. Rc5 Rd6 46. Rc6 Rxc6 47. Bxc6 Ne6 48. b3 cxb3+ 49. Kxb3 1-0

[Event "Winnipeg TNT 2025.02"]
[Site "Winnipeg CAN"]
[Date "2025.02.04"]
[Round "1.5"]
[White "Howard, Nick"]
[Black "Nagelberg, Alan"]
[Result "0-1"]
[WhiteElo "1786"]
[BlackElo "1449"]
[WhiteFideId "-1"]
[WhiteFideId "-1"]
[PlyCount "64"]
[GameId "2150969644830806"]
[EventDate "2025.02.04"]
[EventType "swiss"]
[EventRounds "4"]
[EventCountry "CAN"]

1. Nc3 d5 2. b3 g6 3. Bb2 Bg7 4. e3 Nf6 5. Bb5+ c6 6. Bd3 e5 7. Nf3 e4 8. Be2 exf3 9. Bxf3 O-O 10. Ba3 Re8 11. d4 Qa5 12. O-O Qxa3 13. e4 Nxe4 14. Nxe4 dxe4 15. Re1 Qb4 16. Bxe4 Qxd4 17. Qxd4 Bxd4 18. Rad1 Bb6 19. c4 Be6 20. a4 Na6 21. h4 Bg4 22. Ra1 Rad8 23. a5 Bd4 24. Kh2 Bxa1 25. Rxa1 Rxe4 26. f3 Bxf3 27. gxf3 Re2+ 28. Kg3 Rdd2 29. Kg4 h5+ 30. Kg5 Rd4 31. f4 Kg7 32. Rg1 f6# 0-1

[Event "Winnipeg TNT 2025.02"]
[Site "Winnipeg CAN"]
[Date "2025.02.06"]
[Round "1.6"]
[White "Hansima, Charitha"]
[Black "Cobb, Kyle"]
[Result "1-0"]
[WhiteElo "1765"]
[BlackElo "1393"]
[WhiteFideId "-1"]
[WhiteFideId "-1"]
[PlyCount "91"]
[GameId "2150969644830807"]
[EventDate "2025.02.04"]
[EventType "swiss"]
[EventRounds "4"]
[EventCountry "CAN"]

1. c4 b6 2. d4 Bb7 3. Nc3 e6 4. e4 Bb4 5. Qc2 Ne7 6. a3 Bxc3+ 7. bxc3 O-O 8. Nf3 f5 9. e5 Bxf3 10. gxf3 Nbc6 11. Rg1 Rc8 12. Bg5 Qe8 13. Bh6 Rf7 14. Be2 Na5 15. Be3 Nb7 16. f4 d6 17. Bh5 g6 18. Bf3 d5 19. h4 c5 20. cxd5 exd5 21. h5 Rg7 22. hxg6 hxg6 23. Rb1 Qd8 24. Qa4 Nc6 25. Rg5 cxd4 26. cxd4 Qc7 27. Bxd5+ Kf8 28. Rc1 Nba5 29. Bd2 Qd7 30. Bxc6 Nxc6 31. Bb4+ Nxb4 32. Rxc8+ Qxc8 33. Qxb4+ Ke8 34. Kd2 Qc6 35. Qc3 Qe6 36. Rg3 Rd7 37. Rh3 Rg7 38. Rh8+ Rg8 39. Rxg8+ Qxg8 40. Qc8+ Kf7 41. Qxg8+ Kxg8 42. Kc3 Kf7 43. d5 Ke7 44. Kc4 Kd7 45. Kb5 Kc7 46. Ka6 1-0

[Event "Winnipeg TNT 2025.02"]
[Site "Winnipeg CAN"]
[Date "2025.02.04"]
[Round "1.8"]
[White "Klokow, John"]
[Black "Gannon, Keith"]
[Result "1-0"]
[WhiteElo "1780"]
[BlackElo "1624"]
[WhiteFideId "-1"]
[WhiteFideId "-1"]
[PlyCount "89"]
[GameId "2150969644830808"]
[EventDate "2025.02.04"]
[EventType "swiss"]
[EventRounds "4"]
[EventCountry "CAN"]

1. e4 Nc6 2. Nf3 d6 3. Bc4 Nf6 4. d3 Bg4 5. Be3 Ne5 6. Nbd2 Nxc4 7. Nxc4 e5 8. h3 Bxf3 9. Qxf3 Be7 10. Bd2 O-O 11. Ne3 Re8 12. Nf5 d5 13. h4 dxe4 14. dxe4 c5 15. h5 g6 16. Nxe7+ Qxe7 17. Bg5 Kg7 18. h6+ Kg8 19. Qxf6 Qxf6 20. Bxf6 Re6 21. Bg7 b5 22. Rd1 f5 23. f3 b4 24. Ke2 a5 25. Rd5 fxe4 26. fxe4 c4 27. Rhd1 b3 28. cxb3 cxb3 29. axb3 a4 30. Rd8+ Re8 31. Rxe8+ Rxe8 32. bxa4 Rc8 33. a5 Rc2+ 34. Kd3 Rxg2 35. Kc3 Re2 36. a6 Rxe4 37. a7 Ra4 38. Rd8+ Kf7 39. a8=Q Rxa8 40. Rxa8 e4 41. Kd4 e3 42. Kxe3 g5 43. b4 g4 44. b5 g3 45. Kf3 1-0

[Event "Winnipeg TNT 2025.02"]
[Site "Winnipeg CAN"]
[Date "2025.02.11"]
[Round "2.1"]
[White "Boron, Anthony"]
[Black "Klokow, John"]
[Result "0-1"]
[WhiteElo "2031"]
[BlackElo "1780"]
[WhiteFideId "-1"]
[WhiteFideId "-1"]
[PlyCount "124"]
[GameId "2150969644830809"]
[EventDate "2025.02.04"]
[EventType "swiss"]
[EventRounds "4"]
[EventCountry "CAN"]

1. d4 Nf6 2. Bg5 d5 3. Bxf6 exf6 4. e3 Bf5 5. Bd3 Bxd3 6. Qxd3 c6 7. Ne2 Qb6 8. Nbc3 Nd7 9. O-O Bd6 10. e4 dxe4 11. Nxe4 Be7 12. N2g3 g6 13. b3 f5 14. Nd2 O-O-O 15. Qc4 Rhf8 16. Nf3 Qb4 17. Qxb4 Bxb4 18. c4 Nf6 19. Rad1 h6 20. Rd3 Ne4 21. Rfd1 Kb8 22. Ne5 Nxg3 23. hxg3 Bd6 24. Nf3 Rfe8 25. Kf1 Re7 26. Re1 Rxe1+ 27. Nxe1 Kc7 28. Nc2 Re8 29. c5 Bf8 30. Ne3 Rd8 31. b4 Bg7 32. d5 cxd5 33. Nxd5+ Kc6 34. Ne7+ Kc7 35. Rxd8 Kxd8 36. Nd5 Kd7 37. Ne3 Kc6 38. a4 Bc3 39. Nc2 Kd5 40. Ke2 Kc4 41. b5 Kxc5 42. Kd3 Bf6 43. Ne3 Bd4 44. Nd1 Bg7 45. Ne3 Kb4 46. Nd5+ Kxa4 47. Kc4 Ba1 48. Ne7 a6 49. b6 a5 50. Nc8 Be5 51. Na7 Ka3 52. Nb5+ Ka2 53. Nc7 a4 54. Kd5 Bf6 55. Ne8 Bd8 56. Kc5 a3 57. Nd6 Be7 58. Kd5 Bxd6 59. Kxd6 Kb2 60. Kc7 a2 61. Kxb7 a1=Q 62. Kb8 Qf1 0-1

[Event "Winnipeg TNT 2025.02"]
[Site "Winnipeg CAN"]
[Date "2025.02.11"]
[Round "2.2"]
[White "Nagelberg, Alan"]
[Black "Babb, Jeff"]
[Result "0-1"]
[WhiteElo "1786"]
[BlackElo "2017"]
[WhiteFideId "-1"]
[WhiteFideId "-1"]
[PlyCount "72"]
[GameId "2150969644830810"]
[EventDate "2025.02.04"]
[EventType "swiss"]
[EventRounds "4"]
[EventCountry "CAN"]

1. c4 Nf6 2. Nc3 c5 3. g3 Nc6 4. Bg2 g6 5. a3 Bg7 6. Rb1 d6 7. b4 cxb4 8. axb4 O-O 9. Nf3 Bf5 10. d3 Qc8 11. b5 Ne5 12. Nxe5 dxe5 13. h3 Rd8 14. g4 Be6 15. Qc2 h5 16. g5 Ne8 17. Ne4 Nd6 18. Nxd6 exd6 19. Ba3 e4 20. h4 exd3 21. exd3 d5 22. c5 a6 23. Bb2 Bxb2 24. Rxb2 axb5 25. Rxb5 Ra1+ 26. Kd2 Rxh1 27. Bxh1 Qc7 28. Qb1 Qf4+ 29. Ke1 Qh2 30. Bf3 Re8 31. Rxb7 Bg4+ 32. Kd2 Qxf2+ 33. Kc3 Qxc5+ 34. Kd2 Bxf3 35. Rb8 Qa5+ 36. Kc2 Qc7+ 0-1

[Event "Winnipeg TNT 2025.02"]
[Site "Winnipeg CAN"]
[Date "2025.02.11"]
[Round "2.3"]
[White "Gres, Yakiv"]
[Black "Hansima, Charitha"]
[Result "1-0"]
[WhiteElo "1965"]
[BlackElo "1765"]
[WhiteFideId "-1"]
[WhiteFideId "-1"]
[PlyCount "55"]
[GameId "2150969644830811"]
[EventDate "2025.02.04"]
[EventType "swiss"]
[EventRounds "4"]
[EventCountry "CAN"]

1. e4 d5 2. exd5 Nf6 3. d4 Nxd5 4. Nf3 Bg4 5. h3 Bh5 6. c4 Nb6 7. Be3 e6 8. Nc3 c6 9. g4 Bg6 10. h4 h6 11. Ne5 Bh7 12. g5 hxg5 13. hxg5 g6 14. Qf3 Qe7 15. Ne4 N8d7 16. c5 Nd5 17. Nd6+ Kd8 18. Nexf7+ Kc7 19. Nxh8 Nxe3 20. Qxe3 Qg7 21. Nhf7 Bg8 22. Qg3 e5 23. Nxe5 b6 24. Nxd7 Kxd7 25. Bh3+ Be6 26. Bxe6+ Kxe6 27. Qg4+ Kd5 28. Qe4# 1-0

[Event "Winnipeg TNT 2025.02"]
[Site "Winnipeg CAN"]
[Date "2025.02.11"]
[Round "2.5"]
[White "Reimer, Bruce"]
[Black "Curtis, Rory"]
[Result "0-1"]
[WhiteElo "1563"]
[BlackElo "1685"]
[WhiteFideId "-1"]
[WhiteFideId "-1"]
[PlyCount "106"]
[GameId "2150969644830812"]
[EventDate "2025.02.04"]
[EventType "swiss"]
[EventRounds "4"]
[EventCountry "CAN"]

1. c4 e5 2. g3 Nf6 3. Bg2 d5 4. cxd5 Nxd5 5. Nc3 Nxc3 6. bxc3 c6 7. Rb1 Be7 8. e3 O-O 9. Ne2 h5 10. h3 h4 11. O-O Nd7 12. Qc2 Nc5 13. d4 exd4 14. cxd4 Ne6 15. g4 Re8 16. Bd2 Qc7 17. e4 Bd7 18. Rfc1 Rac8 19. Qd1 Qb8 20. a4 c5 21. d5 Nd4 22. Bf4 Nxe2+ 23. Qxe2 Bd6 24. Bxd6 Qxd6 25. Qa2 b6 26. a5 b5 27. Re1 a6 28. Re3 c4 29. Qe2 Qc7 30. Ra3 Qc5 31. Rc3 Qxd5 32. Rd1 Qe6 33. Qd2 b4 34. Re3 Bb5 35. Qd4 Qe7 36. Bf1 Red8 37. Qa1 Rxd1 38. Qxd1 Rd8 39. Qb1 Qc5 40. Qc1 c3 41. Qc2 Bxf1 42. Kxf1 Qxa5 43. Kg2 Rd2 44. Qb3 Qc5 45. Rf3 Qe7 46. e5 a5 47. Rf4 Qe6 48. Rc4 Qxe5 49. Rc8+ Kh7 50. Qb1+ g6 51. Qf1 Qe4+ 52. Kg1 c2 53. Qc1 Rd1+ 0-1

[Event "Winnipeg TNT 2025.02"]
[Site "Winnipeg CAN"]
[Date "2025.02.11"]
[Round "2.6"]
[White "Baylon, Jorel"]
[Black "Howard, Nick"]
[Result "1-0"]
[WhiteElo "1654"]
[BlackElo "1449"]
[WhiteFideId "-1"]
[WhiteFideId "-1"]
[PlyCount "69"]
[GameId "2150969644830813"]
[EventDate "2025.02.04"]
[EventType "swiss"]
[EventRounds "4"]
[EventCountry "CAN"]

1. d4 Nf6 2. Bf4 g6 3. Nc3 Bg7 4. e4 d6 5. Qd2 O-O 6. O-O-O Nc6 7. Nf3 Bg4 8. Be2 e6 9. Bh6 g5 10. Bxg7 Kxg7 11. Qxg5+ Kh8 12. e5 Rg8 13. Qxf6+ Qxf6 14. exf6 Rad8 15. h3 Bh5 16. g4 Bg6 17. Nh4 Bxc2 18. Kxc2 Nb4+ 19. Kb1 c5 20. Ne4 a5 21. dxc5 d5 22. Nd6 Rg5 23. Nxf7+ Kg8 24. Nxg5 Kh8 25. Nf7+ Kg8 26. Nxd8 e5 27. g5 d4 28. g6 h5 29. g7 Nd5 30. Nf5 Nxf6 31. Bc4+ Kh7 32. Rhg1 a4 33. g8=Q+ Nxg8 34. Bxg8+ Kh8 35. Nf7# 1-0

[Event "Winnipeg TNT 2025.02"]
[Site "Winnipeg CAN"]
[Date "2025.02.11"]
[Round "2.8"]
[White "Iyer, Pia"]
[Black "Maendel, Chris"]
[Result "0-1"]
[WhiteElo "1225"]
[BlackElo "1604"]
[WhiteFideId "-1"]
[WhiteFideId "-1"]
[PlyCount "60"]
[GameId "2150969644830815"]
[EventDate "2025.02.04"]
[EventType "swiss"]
[EventRounds "4"]
[EventCountry "CAN"]

1. e4 c5 2. Nc3 e6 3. Bc4 b6 4. Nge2 Bb7 5. O-O g6 6. d4 cxd4 7. Nxd4 Bg7 8. Be3 Ne7 9. Re1 O-O 10. Qd2 Nbc6 11. Bh6 Bxh6 12. Qxh6 Nxd4 13. Rad1 Nxc2 14. Re2 Nb4 15. Nb1 Qc7 16. Bb3 Rad8 17. Nd2 d5 18. exd5 Bxd5 19. Re3 Nf5 20. Rh3 Nxh6 21. Rxh6 Bxb3 22. axb3 Rxd2 23. Rxd2 Qf4 24. Rh3 Qxd2 25. g3 Qe1+ 26. Kg2 Qe4+ 27. Kg1 Rd8 28. f3 Rd1+ 29. Kf2 Qd4+ 30. Ke2 Qd2# 0-1